000 00313nam a22001337a 4500
008 170310b xxu||||| |||| 00| 0 eng d
020 _a0824770919
041 _aeng
080 _a611
100 _a6
101 _aSHM
245 _aHANDBOOK OF THE SPINAL CARD ANATOMY PHYSIOLOGY
_cDAVIDOFF.R.A
942 _2udc
_cBK
999 _c7405
_d7405